00680nam a2200205 a 450000100060000000300080000600500170001400800410003103500190007204000260009104100080011708200220012510000240014724501290017126000330030030000370033350200610037065000210043170000220045277587BD-RjUL20211209083010.0201202s2005 bg a|||| m||| 00| 0 eng d a(BD-RjUL)77813 aBD-RjULbengdBD-RjUL aeng 223a636bCHI 2005 aChanda, Gouranga Ch aImpact of livestock polices and programmes of Bangladesh Goverment on production /cBy Gouranga ch. chanda6M. Zainul Abedin aRajshahi :bI.B.S. RU,c2005 aXix. 194 leaves :bill. ;c29 cm aThesis (Ph. D.) Institute of Bangladesh studies RU 2005  aAnimal Husbandry aAbedin, M, Zainul